Golden rule hits backlash (Record no. 79267)

MARC details
000 -LEADER
fixed length control field 01078cab a22001935a 4500
001 - CONTROL NUMBER
control field L140389
008 - FIXED-LENGTH DATA ELEMENTS--GENERAL INFORMATION
fixed length control field 070920e2007 xxk f 000 0 eng d
035 ## - SYSTEM CONTROL NUMBER
System control number (Sirsi) u140389
041 0# - LANGUAGE CODE
Language code of text/sound track or separate title eng
100 1# - MAIN ENTRY--PERSONAL NAME
Personal name Willis, Ben
245 00 - TITLE STATEMENT
Title Golden rule hits backlash
260 ## - PUBLICATION, DISTRIBUTION, ETC.
Date of publication, distribution, etc. 2007
490 ## - SERIES STATEMENT
Series statement Planning
Volume/sequential designation (1736) 14 September 2007, 16-17(2)
520 ## - SUMMARY, ETC.
Summary, etc. Describes opinions on the Merton environmental rule which has been created by the London Borough. Its aim is to ensure that new commercial buildings meet at least ten per cent of their energy needs from on-site renewable energy sources. Its principles have been adopted by both the London Mayor and central government. Critics of the rule include the British Property Foundation and numerous developers. Some argue that reducing energy use is a more important target. Others suggest that the problems of differing generation potentials make the percentage target difficult to justify.
590 ## - LOCAL NOTE (RLIN)
Local note KA
651 #4 - SUBJECT ADDED ENTRY--GEOGRAPHIC NAME
Geographic name United Kingdom
Chronological subdivision
690 ## - LOCAL SUBJECT ADDED ENTRY--TOPICAL TERM (OCLC, RLIN)
Topical term or geographic name as entry element ENVIRONMENTAL AND LAND CONSULTANCY-ENERGY-RENEWABLE ENERGY
942 ## - ADDED ENTRY ELEMENTS (KOHA)
Suppress in OPAC 0
Holdings
Withdrawn status Lost status Source of classification or shelving scheme Damaged status Not for loan Home library Current library Shelving location Date acquired Total Checkouts Full call number Barcode Date last seen Copy number Price effective from Koha item type
    Dewey Decimal Classification     London London Journal article 24/09/2007   L140389 140389-1001 06/08/2019 1 06/08/2019 Journal article